| 000 | 00658nam a2200193Ia 4500 | ||
|---|---|---|---|
| 999 |
_c17484 _d17484 |
||
| 082 | _aRK.0188 | ||
| 100 | _aKhan, Jamshid Ali | ||
| 245 | 0 | _aNon-voters in 1992 Punjab Vidhan Sabha elections : A study of two constituencies | |
| 260 |
_aPatiala _c2000 _bIndian Council of Social Science Research, New Delhi |
||
| 300 | _a230p. | ||
| 504 | _aBibliography at the end. | ||
| 650 | _aPUNJAB - VIDHAN SABHA - ELECTIONS | ||
| 650 | _aVOTING - PUNJAB | ||
| 650 | _aELECTIONS///PUNJAB - VIDHAN SABHA - ELECTIONS | ||
| 650 | _aLEGISLATIVE BODIES///PUNJAB - VIDHAN SABHA | ||
| 700 | _aRajinder Kaur | ||
| 710 | _aPunjabi University, Patiala | ||
| 942 |
_cRP _2ddc |
||